Vytvorenie procesu na prepis monolitických aplikácií do mikroservisov a jeho implementácia na vybranom príklade

Salvato in:
Dettagli Bibliografici
Autore principale: Teplanský, Alex (Autore)
Altri autori: Zeman, Marek (Relatore della tesi)
Natura: Manoscritto Libro
Lingua:slovacco
Pubblicazione: Bratislava : STU v Bratislave FEI, 2024
Soggetti:
Accesso online:https://opac.crzp.sk/?fn=detailBiblioFormChildCPQHS&sid=9A7D98113A4E7D6F09A87FA0EB46&seo=CRZP-detail-kniha
Tags: Aggiungi Tag
Nessun Tag, puoi essere il primo ad aggiungerne!!

MARC

LEADER 00000ntm a22000003a 4500
001 stuzp98290
003 SK-STU
005 20250514142042.7
007 ta
008 150427s2015----xo-----f-mn---000-0-slo-d
040 |a STU  |b slo 
041 0 |a slo 
044 |a xo 
100 1 |a Teplanský, Alex  |u 070400  |4 aut  |U FIIT Fakulta informatiky a informačných technológií  |T FIIT Ústav počítačového inžinierstva a aplikovanej informatiky  |X 104611  |U I400  |Y 672  |7 104611 
242 0 1 |a Creation of a Process for Rewriting Monolithic Applications into Microservices and its Implementation on a Selected Example  |y eng 
245 1 0 |a Vytvorenie procesu na prepis monolitických aplikácií do mikroservisov a jeho implementácia na vybranom príklade 
260 |a Bratislava :  |b STU v Bratislave FEI,  |c 2024 
300 |a 69 s. 
650 4 |a Mikroservisy  |2 slo 
650 4 |a Transformácia  |2 slo 
650 4 |a Monolit  |2 slo 
650 4 |a Microservices  |2 eng 
650 4 |a Transformation  |2 eng 
650 4 |a Monolith  |2 eng 
700 1 |a Zeman, Marek  |u 070400  |k Z8  |4 ths  |U FIIT Fakulta informatiky a informačných technológií  |T FIIT Ústav počítačového inžinierstva a aplikovanej informatiky  |X 96278  |U I400  |Y 672  |7 96278 
856 4 |u https://opac.crzp.sk/?fn=detailBiblioFormChildCPQHS&sid=9A7D98113A4E7D6F09A87FA0EB46&seo=CRZP-detail-kniha